01506 a2200217 4500003000500000005001700005010001700022020001500039035002000054035002300074040000900097082001700106100002300123245010800146260005900254300005600313440005100369505079300420650003401213710004101247Nust20220818101315.0 a 2006286577 a0852964315 a(OCoLC)56658976 a(OCoLC)ocm56658976 cNust04a621.3822,GAY1 aGaydecki, Patrick.10aFoundations of digital signal processing :btheory, algorithms and hardware design /cPatrick Gaydecki. aLondon :bInstitution of Electrical Engineers,cc2004. axxii, 462 p. :bill. ;c24 cm.+eCD-ROM (4 3/4 in.) 0aIEE circuits, devices and systems series ;v15 aDefinitions and Applications of Digital Signal Processing (Page-1), A Linear Systems Toolbox (Page-15), An Introduction to High Level Computer Programming Using Delphi (Page-53), Analysis of Simple Electrical Systems Using Complex Impedance, Differential and Difference Equations (Page-117), Introduction to Convolution and Correlation (Page-153), Discrete Fourier Properties and Processing (Page-217), Introduction to Laplace space and The Laplace Transform (Page-253), An Introduction to z-Space, The z-Transform and Digital Filter Design (Page-277), Signal Sampling, Analog to Digital and Digital to Analog Conversion (Page-299), The Design and Implementation of Finite Impulse Response Filters (Page-325), The Deign and Implementation of Infinite Impulse Response Filters (Page-355). 0aTelecommunication engineering2 aInstitution of Electrical Engineers.